000 002540000a22000970004500
100 1 _aHuh, Do-Hwa
245 1 0 _aA new understanding of prophetic preaching
300 _aVol.23, núm.2 (Junio-Agosto, 2005), Páginas 39-47
773 0 _tEvangel
942 _cANA
999 _c60535
_d60535